[Event "45th Olympiad 2024"]
[Site "Budapest HUN"]
[Date "2024.09.12"]
[Round "2.69"]
[Board "2"]
[White "Winston Gerald, Mansfield Thomas"]
[Black "Zilleruelo Irizarry, Diego"]
[Result "1/2-1/2"]
[WhiteElo "1950"]
[BlackElo "2041"]
[PlyCount "99"]
[EventDate "2024.09.11"]
[WhiteTeam "Sierra Leone"]
[BlackTeam "Puerto Rico"]
[WhiteTeamCountry "SIE"]
[BlackTeamCountry "PUR"]

1. d4 d5 2. c4 e6 3. Nf3 a6 4. e3 Nf6 5. a3 dxc4 6. Bxc4 b5 7. Bd3 ({RR} 7. Ba2 c5 8. O-O Bb7 9. dxc5 Bxc5 10. Qxd8+ Kxd8 11. Nbd2 Ke7 12. Nb3 Bb6 13. Bd2 Nc6 14. Rfc1 Rhc8 15. Be1 Nd7 16. Bc3 g6 17. h3 Rc7 18. Rd1 Nf6 19. Ne5 Nxe5 20. Bxe5 Rcc8 21. Nd4 Ne4 {0-1 Dgebuadze,A (2439)-Heimann,A (2552) Bundesliga 2023-24 (5.6)}) 7... c5 8. dxc5 Bxc5 9. b4 Bb6 $146 ({RR} 9... Be7 10. Qe2 Bb7 11. O-O Nbd7 12. Rd1 Qb8 13. Bb2 O-O {½-½ Dobosz,H (2368)-Ninov,N (2466) Deizisau op 8th 2013 (5)}) 10. O-O Bb7 11. Be2 Nbd7 12. Bb2 Qe7 13. Nbd2 O-O 14. Nb3 Rfd8 15. Qe1 Bd5 16. Nbd2 Rac8 17. Rc1 Ne4 18. Nxe4 Bxe4 19. Nd2 Bc2 20. Nf3 Nf6 21. Nd4 Be4 22. h3 Qd6 23. Nf3 Nd5 24. Be5 Qe7 25. Qd2 Nc3 26. Bd4 Bxd4 27. exd4 Nxe2+ 28. Qxe2 Rxc1 29. Rxc1 Qb7 30. Qe3 Bxf3 31. gxf3 h6 32. Qf4 Qd5 33. Rc7 Rd7 34. Rxd7 Qxd7 35. Qb8+ Kh7 36. Qb6 Qc8 37. Kg2 Kg6 38. d5 Qc1 39. h4 Qc4 40. d6 Qxh4 41. Qc7 Qg5+ 42. Kf1 Qf4 43. Qc2+ Kf6 44. Qc7 Qxf3 45. d7 Qd1+ 46. Kg2 Qg4+ 47. Kf1 Qd1+ 48. Kg2 Qg4+ 49. Kf1 Qd1+ 50. Kg2 1/2-1/2

[Event "45th Olympiad 2024"]
[Site "Budapest HUN"]
[Date "2024.09.12"]
[Round "2.69"]
[Board "3"]
[White "Boggiano Pereira, Miguel A."]
[Black "Adeshole Beckley, Brian"]
[Result "1-0"]
[WhiteElo "2015"]
[BlackElo "1814"]
[PlyCount "113"]
[EventDate "2024.09.11"]
[WhiteTeam "Puerto Rico"]
[BlackTeam "Sierra Leone"]
[WhiteTeamCountry "PUR"]
[BlackTeamCountry "SIE"]

1. d4 e6 2. c4 d5 3. Nf3 c5 4. cxd5 exd5 5. g3 Nc6 6. Bg2 Nf6 7. O-O Be7 8. dxc5 Bxc5 9. a3 a5 10. Bg5 ({RR} 10. b3 O-O 11. Nc3 d4 12. Nb5 Qb6 13. a4 Be6 14. Bb2 Rfd8 15. Nd2 Nb4 16. Rc1 Rac8 17. Nc4 Bxc4 18. Rxc4 d3 19. e3 Be7 20. Qf3 Rxc4 21. bxc4 Nd7 22. Bd4 Nc5 23. Nc3 Qe6 24. Nd5 Nxd5 {1-0 Tabatabaei,M (2645)-Moroni,L (2581) Sharjah Masters 5th 2022 (3)}) 10... Be6 11. Nc3 Be7 ({RR} 11... d4 12. Bxf6 Qxf6 13. Ne4 Qe7 14. b4 axb4 15. Nxc5 Qxc5 16. axb4 Rxa1 17. Qxa1 Qxb4 18. Nxd4 O-O 19. Nxc6 bxc6 20. Bxc6 Bg4 21. e3 Qc5 22. Rc1 Qh5 23. Qd4 Bf3 24. Bxf3 Qxf3 25. Qd1 Qxd1+ 26. Rxd1 {½-½ Cupid,K (2201)-De Gondo,S (2045) 45th Olympiad 2024 (6.54)}) 12. Qa4 $146 ({RR} 12. Nd4 O-O 13. Rc1 Rc8 14. Nxe6 fxe6 15. Bh3 Qd7 16. Nb5 Ne4 17. Bxe7 Qxe7 18. f4 Kh8 19. Nd4 Rf6 20. Qe1 Rcf8 21. Nxc6 bxc6 22. Bg2 Qa7+ 23. Kh1 e5 24. Bxe4 dxe4 25. Qc3 exf4 26. Rxf4 Rxf4 {½-½ Trippold,D (2211)-Parnali,S (2118) Zadar op-A 25th 2018 (7)}) ({RR} 12. Nd4 h6 13. Bf4 O-O 14. e4 Nxd4 15. Qxd4 dxe4 16. Qxd8 Rfxd8 17. Nxe4 Bd5 {½-½ Beran,P (2156)-Kupka,S (2265) MOR-chT2N 0203 2002 (6)}) 12... O-O 13. Rfd1 h6 14. Bxf6 Bxf6 15. e3 Bxc3 16. bxc3 Qf6 17. Rab1 Rab8 18. Qf4 Qxf4 19. gxf4 Bf5 20. Rb5 Be4 21. Nd2 Bxg2 22. Kxg2 Rfd8 23. Nf3 f6 24. Rbxd5 Rxd5 25. Rxd5 Rd8 26. Rb5 Rd3 27. Rxb7 Rxc3 28. Rc7 Rc2 29. Rc8+ Kf7 30. Rc7+ Kf8 31. Nh4 Nd4 32. Ra7 Nc6 33. Rc7 Nd4 34. Ra7 Nc6 35. Ra8+ Kf7 36. Nf5 Kg6 37. Nd6 Rd2 38. Ne4 Rd3 39. Ra6 Ne7 40. Rxa5 Nf5 41. Kf1 Rd1+ 42. Ke2 Rh1 43. Rxf5 Rxh2 44. Rd5 Rh1 45. Rd1 Rh5 46. a4 Ra5 47. Ra1 Kf5 48. Nd6+ Ke6 49. Nc4 Rc5 50. Kd3 Rd5+ 51. Kc3 h5 52. e4 Rd8 53. a5 h4 54. f5+ Kf7 55. a6 g5 56. a7 Ra8 57. Nb6 1-0

[Event "45th Olympiad 2024"]
[Site "Budapest HUN"]
[Date "2024.09.12"]
[Round "2.70"]
[Board "2"]
[White "Notha, Moakofi"]
[Black "Mahendra Gurung"]
[Result "1-0"]
[WhiteElo "1996"]
[BlackElo "1725"]
[PlyCount "73"]
[EventDate "2024.09.11"]
[WhiteTeam "Botswana"]
[BlackTeam "Bhutan"]
[WhiteTeamCountry "BOT"]
[BlackTeamCountry "BTN"]

1. e4 e5 2. Nf3 Nc6 3. Bb5 d6 4. c3 Bd7 5. O-O h6 ({RR} 5... Nf6 6. Qe2 g6 7. d4 Qe7 8. Nbd2 Bg7 9. b3 a6 10. Bxc6 Bxc6 11. dxe5 dxe5 12. a4 Qe6 13. Ba3 h6 14. Rfe1 b6 15. Rad1 Nd7 16. Nc4 Bf8 17. Bb2 Bg7 18. Ba3 Bf8 19. Qb2 Be7 20. Qc1 {½-½ Polgar,J (2630)-Ehlvest,J (2615) PCA/Intel-GP rapid 1995 (1.2)}) 6. d4 Qf6 $146 ({RR} 6... a6 7. Bd3 Nf6 8. Re1 Be7 9. a4 Na7 10. dxe5 dxe5 11. Nxe5 O-O 12. Be3 Bd6 13. f4 Re8 14. Nxd7 Nxd7 15. Kh1 Bc5 16. Bxc5 Nxc5 17. Bc2 Qxd1 18. Rxd1 Nxe4 19. Kg1 Nf6 20. Nd2 Nc6 21. Re1 {½-½ Rocher Cubedo,J-Lopez Aragon,D Valencia op 1st 1995}) ({RR} 6... exd4 7. cxd4 Nf6 8. Nc3 Be7 9. e5 dxe5 10. dxe5 Nh7 11. Bxc6 Bxc6 12. Nd4 O-O 13. Nxc6 bxc6 14. Be3 a6 15. Qa4 Qb8 16. b3 Qb7 17. Rac1 Ng5 18. Qg4 Qc8 19. Qxc8 Rfxc8 20. f4 Ne6 21. Ne4 {1-0 Pedroso,D (1849)-Do Amaral e Silva,L (1544) Florianopolis op 7th 2021 (4)}) ({RR} 6... exd4 7. cxd4 a6 8. Ba4 Be7 9. Nc3 Na7 10. Bb3 Bg4 11. Re1 Nf6 12. e5 dxe5 13. Bxf7+ Kf8 14. Qb3 Bxf3 15. gxf3 exd4 16. Bg6 Nd5 17. Nxd5 Qd6 18. Nxe7 Qf6 19. Re4 Re8 20. Rf4 Rxe7 21. Rxf6+ {1-0 Macias Rodriguez,J (1891)-Pozzatti Pinol,M Extremadura-chT 2009 (3.3)}) 7. Qa4 Nb8 8. Rd1 c6 9. Be2 b5 10. Qb3 a6 11. a4 Be6 12. d5 Bd7 13. dxc6 Bxc6 14. axb5 Bb7 15. bxa6 Bxe4 16. Qa4+ Bc6 17. Bb5 Ne7 18. a7 Bxb5 19. Qxb5+ Nd7 20. Qb7 Rd8 21. a8=Q Nf5 22. Qxd8+ Kxd8 23. Ra8+ Ke7 24. Ra7 Qe6 25. Nxe5 Kf6 26. Nxd7+ Kg6 27. Bf4 Be7 28. Nd2 Re8 29. Nf3 Bh4 30. g3 Bg5 31. Bxg5 f6 32. Re1 Qg8 33. Rxe8 Qxe8 34. Nxf6 gxf6 35. Qh7+ Kh5 36. Qxf5 fxg5 37. g4# 1-0

[Event "45th Olympiad 2024"]
[Site "Budapest HUN"]
[Date "2024.09.12"]
[Round "2.70"]
[Board "3"]
[White "Suk Raj Monger"]
[Black "Monnaatsheko, Keletshabile"]
[Result "1-0"]
[WhiteElo "1821"]
[BlackElo "2064"]
[PlyCount "73"]
[EventDate "2024.09.11"]
[WhiteTeam "Bhutan"]
[BlackTeam "Botswana"]
[WhiteTeamCountry "BTN"]
[BlackTeamCountry "BOT"]

1. e4 {ChessBase II} e6 2. d4 d5 3. Nc3 Bb4 4. exd5 exd5 5. a3 Bxc3+ 6. bxc3 Ne7 ({RR} 6... Nf6 7. Bd3 O-O 8. Ne2 c5 9. dxc5 Nbd7 10. O-O Nxc5 11. Bg5 h6 12. Bh4 Re8 13. Rb1 b6 14. Rb4 Ba6 15. Nd4 Bc4 16. Nf5 Nce4 17. Bxc4 dxc4 18. Rxc4 Qd5 19. Ne7+ Rxe7 20. Qxd5 Nxd5 21. Bxe7 {1-0 Dvoirys,S (2535)-Eingorn,V (2570) Lvov zt 1990}) 7. Rb1 $146 ({RR} 7. Nf3 O-O 8. Be2 b6 9. O-O Ba6 10. Bxa6 Nxa6 11. Qd3 Nb8 12. Ng5 Ng6 13. f4 Re8 14. f5 Nf8 15. Bf4 Nc6 16. Rf3 f6 17. Nh3 Na5 18. g4 h6 19. Nf2 Nc4 20. h4 Nh7 21. Rf1 c6 {0-1 Ochoa de Echaguen,F-Schmid,L (2520) EU-chT 06th Group5 1976 (2)}) ({RR} 7. Nf3 O-O 8. Bd3 Bf5 9. O-O Nbc6 10. a4 Re8 11. Bg5 f6 12. Bf4 Qd7 13. h3 Bxd3 14. Qxd3 Na5 15. Nd2 Qc6 16. Rfb1 Nc4 17. a5 b5 18. a6 Ng6 19. Bg3 Nxd2 20. Qxd2 Rab8 21. Qd3 Rb6 {½-½ Voekler,B (2322)-Froewis,G (2461) 2nd Bundesliga Ost 23-24 2023 (5.4)}) ({RR} 7. c4 O-O 8. cxd5 Nxd5 9. Qd3 Re8+ 10. Be2 Qf6 11. c4 Nf4 12. Bxf4 Qxf4 13. Nf3 Nc6 14. O-O Bf5 15. Qd1 Rad8 16. d5 Bg4 17. Qd3 Bxf3 18. Qxf3 Nd4 19. Qxf4 Nxe2+ 20. Kh1 Nxf4 21. Rab1 b6 {0-1 Ott,A-Fuchsgruber,H North Bayern-ch 2003 (1)}) 7... O-O 8. Bd3 Re8 9. Ne2 b6 10. O-O Bf5 11. Ng3 Bg6 12. Re1 Nd7 13. Bg5 c6 14. Ba6 Rb8 15. Bf4 b5 16. Bxb8 Nxb8 17. Bxb5 cxb5 18. Rxb5 Nbc6 19. Qe2 Qd7 20. h4 f6 21. Reb1 Nc8 22. Qd2 Nb6 23. h5 Bf7 24. Qf4 h6 25. a4 Nxa4 26. Rb7 Qe6 27. Nf5 Qe4 28. Qxe4 Rxe4 29. Rc7 Nxc3 30. Rbb7 Nd8 31. Rb8 Re8 32. Rxc3 Kh7 33. Rcc8 Re1+ 34. Kh2 Bxh5 35. Rxd8 Kg6 36. Rxd5 Bg4 37. Ne3 1-0

[Event "45th Olympiad 2024"]
[Site "Budapest HUN"]
[Date "2024.09.12"]
[Round "2.71"]
[Board "2"]
[White "Erfan, Mohamad Firdaus"]
[Black "Amer Karim"]
[Result "0-1"]
[WhiteElo "1758"]
[BlackElo "2081"]
[PlyCount "98"]
[EventDate "2024.09.11"]
[WhiteTeam "Qatar"]
[BlackTeam "Pakistan"]
[WhiteTeamCountry "QAT"]
[BlackTeamCountry "PAK"]

1. d4 Nf6 2. c4 e6 3. Nc3 Bb4 4. e3 c5 5. Bd3 Nc6 6. Nge2 O-O 7. O-O d5 8. cxd5 exd5 9. a3 c4 10. Bc2 Ba5 11. f3 Bb6 $146 ({RR} 11... a6 12. Kh1 Re8 13. h3 b5 14. e4 dxe4 15. fxe4 Bxc3 16. bxc3 Nxe4 17. d5 Na5 18. Bxe4 Rxe4 19. Ng3 Re5 20. Qf3 Qd7 21. Nh5 Qf5 22. Bf4 Rxd5 23. Qe3 Bb7 24. Rae1 Bc6 25. Bb8 Qd7 26. Nf6+ {½-½ Swiercz,D (2612)-Hakobyan,A (2619) St Louis Spring A 2024 (9.4)}) ({RR} 11... Re8 12. Kh1 a6 13. Qe1 b5 14. Qh4 b4 15. axb4 Nxb4 16. Ba4 Re6 17. Nf4 Rd6 18. e4 dxe4 19. fxe4 Rxd4 20. Nfe2 Ng4 21. Qh5 g6 22. Qc5 Qd6 23. Qxd6 Rxd6 24. Bf4 Rf6 25. h3 g5 26. Bxg5 {½-½ LCZero 0.31-dag-5350a2e-BT4-6 (3631)-Stockfish dev-20240728-2343f7 (3662) TCEC 26 Balanced Lines 2024 (35.1)}) ({RR} 11... Re8 12. b3 cxb3 13. Bxb3 Bf5 14. g4 Be6 15. Qd3 Rc8 16. Bd2 h5 17. h3 hxg4 18. hxg4 Bc7 19. Rf2 Na5 20. Ba4 Bd7 21. Bc2 g6 22. Raf1 Nc4 23. Bc1 Be6 24. Nf4 Bxf4 25. exf4 Qa5 26. f5 {1-0 Peralta,F (2564)-Cruz,J (2450) Badalona op 41st 2015 (9)}) 12. b3 cxb3 13. Bxb3 Bf5 14. Ng3 Bg6 15. f4 Bc7 16. Qf3 Ne7 17. Bb2 Bd3 18. Rfd1 Ba6 19. Nh5 Nxh5 20. Qxh5 Bc4 21. Bxc4 dxc4 22. Qf3 Ba5 23. e4 Qb6 24. Qf2 Rfd8 25. Rac1 Rac8 26. Na4 Qb3 27. Qc2 Qe3+ 28. Kh1 Qxf4 29. Rf1 Qd2 30. d5 Ng6 31. Qxd2 Bxd2 32. Rc2 Bf4 33. Bd4 b6 34. g3 Be5 35. Be3 Bd6 36. Nc3 Ne5 37. Nb5 Bc5 38. Bxc5 Rxc5 39. Nxa7 Ra8 40. Rf5 f6 41. Rxe5 fxe5 42. Nc6 c3 43. Nxe5 Rxa3 44. Nd3 Rc4 45. e5 Rd4 46. Nf4 Rd1+ 47. Kg2 Rd2+ 48. Kh3 Rxc2 49. e6 Rd2 0-1

[Event "45th Olympiad 2024"]
[Site "Budapest HUN"]
[Date "2024.09.12"]
[Round "2.71"]
[Board "3"]
[White "Momin Fayzan"]
[Black "Al Qassabi, Mohammed"]
[Result "1-0"]
[WhiteElo "2064"]
[BlackElo "1521"]
[PlyCount "67"]
[EventDate "2024.09.11"]
[WhiteTeam "Pakistan"]
[BlackTeam "Qatar"]
[WhiteTeamCountry "PAK"]
[BlackTeamCountry "QAT"]

1. e4 e5 2. Nf3 Nc6 3. Bb5 a6 4. Ba4 Nf6 5. O-O Be7 6. Re1 d6 7. c3 O-O 8. h3 h6 9. d4 exd4 10. cxd4 b5 ({RR} 10... d5 11. exd5 Nb4 12. Nc3 Nbxd5 13. Ne5 Bf5 14. Qf3 Bh7 15. Bc6 Nb4 16. Bxb7 Nc2 17. Be3 Rb8 18. Nc6 Qd7 19. Nxb8 Rxb8 20. Bc6 Qe6 21. d5 Qf5 22. Qxf5 Bxf5 23. Ba7 Rxb2 24. Rab1 Rxb1 25. Rxb1 {½-½ Kotsur,P (2589)-Guliev,S (2489) Dubai op 11th 2009 (5)}) ({RR} 10... Re8 11. d5 b5 12. dxc6 bxa4 13. Nc3 Bf8 14. Qxa4 Nh7 15. Qa5 Be6 16. Bf4 Qf6 17. Bg3 Bxh3 18. Nd5 Qd8 19. gxh3 Ra7 20. b4 Ng5 21. Nxg5 Qxg5 22. b5 h5 23. h4 Qg4 24. Nxc7 Rc8 25. b6 {1-0 Salonika,S (2096)-Manya Abhishek Drolia (1482) TCh-IND Women 2024 (5.4)}) 11. Bb3 Re8 $146 ({RR} 11... Bb7 12. Nbd2 Na5 13. Bc2 Nh7 14. Nf1 Ng5 15. Nxg5 Bxg5 16. Ng3 Bxc1 17. Rxc1 Qg5 18. b3 Nc6 19. Re3 Rac8 20. Nf5 g6 21. Rg3 Qf6 22. Nxh6+ Kh7 23. e5 dxe5 24. Ng4 Qf4 25. Nxe5 Qxd4 26. Qh5+ {1-0 Knottner,K (1587)-Boscolo,G (1715) Chioggia op-B 04th 2009 (2)}) ({RR} 11... Bb7 12. Nc3 Rc8 13. Bf4 Nb8 14. Qe2 Re8 15. Bc2 Nh7 16. e5 Bxf3 17. Qxf3 dxe5 18. dxe5 Ng5 19. Qg4 g6 20. Rad1 h5 21. Qg3 Nd7 22. Re2 Ne6 23. Bxg6 Bh4 24. Bxf7+ Kxf7 25. Qf3 Nxf4 26. Qxf4+ {0-1 Sellick,S (1674)-Horlock,P (1619) GBR-ch U1900 op 105th 2018 (4)}) 12. Nbd2 Bf8 13. a3 Na5 14. Bc2 Be6 15. b3 c5 16. d5 Bd7 17. Bb2 Nb7 18. Nf1 b4 19. a4 Rc8 20. N3d2 Be7 21. Bd3 a5 22. Ng3 Nh7 23. Nc4 Bh4 24. Re3 Bf6 25. Bxf6 Nxf6 26. Ra2 Re7 27. f4 Qc7 28. Qf3 Rce8 29. Rae2 Kh8 30. Bc2 Kg8 31. e5 Nh7 32. exd6 Rxe3 33. dxc7 Rxf3 34. Rxe8+ 1-0

[Event "45th Olympiad 2024"]
[Site "Budapest HUN"]
[Date "2024.09.12"]
[Round "2.72"]
[Board "1"]
[White "Misambo .J. KIlasa"]
[Black "Kao, Jamison Edrich"]
[Result "0-1"]
[WhiteElo "1959"]
[BlackElo "2125"]
[PlyCount "100"]
[EventDate "2024.09.11"]
[WhiteTeam "Tanzania"]
[BlackTeam "Hong Kong, China"]
[WhiteTeamCountry "TAN"]

1. d4 Nf6 2. c4 g6 3. Nf3 Bg7 4. Nc3 O-O 5. e4 d6 6. h3 e5 7. d5 a5 8. Be3 Na6 9. Bd3 c6 ({RR} 9... Nc5 10. Bc2 c6 11. O-O cxd5 12. cxd5 b6 13. Bg5 h6 14. Bh4 Ba6 15. Re1 Qd7 16. a3 Qc8 17. Bxf6 Bxf6 18. Qd2 Bg7 19. b4 Nd7 20. Bd3 Nf6 21. Bxa6 Qxa6 22. b5 Qb7 23. Na4 Rfc8 24. Qe3 {½-½ Martinez Ramirez,L (2464)-Firouzja,A (2777) Titled Tue 5th Sep Early 2023 (9)}) ({RR} 9... Ne8 10. g4 f5 11. gxf5 gxf5 12. exf5 Bxf5 13. Bxf5 Rxf5 14. Ne4 Qe7 15. Qe2 c6 16. dxc6 bxc6 17. O-O-O d5 18. Ng3 Rf8 19. Bd4 e4 20. Bxg7 Nxg7 21. Nd4 Qf6 22. cxd5 cxd5 23. Rd2 Nb4 24. Kb1 {0-1 Haataja,R (2124)-Lammi,J (2051) TCh-FIN 2024-25 (1.6)}) 10. Qd2 cxd5 11. cxd5 Nc5 $146 ({RR} 11... Nd7 12. g4 Ndc5 13. Bc2 Bd7 14. a4 Rc8 15. Rg1 Nb4 16. Bxc5 Rxc5 17. Bb1 Kh8 18. Ke2 Qb6 19. Rg3 Qa6+ 20. Bd3 Nxd3 21. Qxd3 Qb6 22. Qd2 Rc4 23. Qc2 Rb4 24. Ra2 f5 25. gxf5 gxf5 26. Nd2 {0-1 Ershov,A (1473)-Kiselev,P (2245) Sea Harbor Open 2023 (1.10)}) 12. Bxc5 dxc5 13. Qe3 Qe7 14. Bc4 Bd7 15. a4 Ne8 16. g4 Nd6 17. Be2 Rac8 18. Nd2 c4 19. Qb6 f5 20. gxf5 gxf5 21. O-O-O fxe4 22. Ndxe4 Nxe4 23. Nxe4 Bxa4 24. Rdg1 c3 25. Nxc3 Qb4 26. Qe3 Qd4 27. Kb1 Bb3 28. Rg4 Rf4 29. Rhg1 Rxg4 30. Rxg4 Qxe3 31. fxe3 e4 32. Nxe4 h5 33. Nf6+ Kh8 34. Nxh5 Rc2 35. Nxg7 Rxe2 36. Kc1 Rc2+ 37. Kb1 Re2 38. Kc1 Bxd5 39. Nf5 Bb3 40. Rg3 Rc2+ 41. Kb1 Rf2 42. Kc1 Rxf5 43. e4 Rc5+ 44. Kd2 Rc2+ 45. Kd3 a4 46. Kd4 Rxb2 47. Ke5 a3 48. Rd3 a2 49. Rd8+ Kg7 50. Ra8 Rb1 0-1

[Event "45th Olympiad 2024"]
[Site "Budapest HUN"]
[Date "2024.09.12"]
[Round "2.72"]
[Board "2"]
[White "Chan, Pui Yin Brandon"]
[Black "Veer Gandhi"]
[Result "1-0"]
[WhiteElo "2016"]
[BlackElo "1792"]
[PlyCount "83"]
[EventDate "2024.09.11"]
[WhiteTeam "Hong Kong, China"]
[BlackTeam "Tanzania"]
[BlackTeamCountry "TAN"]

1. d4 d5 2. c4 e6 3. Nc3 Nf6 4. Bg5 Be7 5. cxd5 exd5 6. e3 c6 7. Bd3 h6 8. Bh4 O-O 9. Nge2 Re8 10. Qc2 Nbd7 11. O-O Nf8 12. Rad1 Bg4 ({RR} 12... Ne6 13. Bg3 Ng5 14. Be5 Bd6 15. f4 Ne6 16. h3 c5 17. Bxf6 Qxf6 18. Nxd5 Qd8 19. Bb5 Rf8 20. f5 Nc7 21. Nxc7 Qxc7 22. f6 cxd4 23. Qe4 dxe3 24. fxg7 Kxg7 25. Rd5 Bh2+ 26. Kh1 Be6 27. Bd3 {0-1 Sjugirov,S (2705)-Javakhadze,Z (2461) Titled Tue 22nd Aug Early 2023 (8)}) ({RR} 12... Bd6 13. Bg3 Bg4 14. f3 Bh5 15. Bf2 Bg6 16. e4 dxe4 17. fxe4 Ng4 18. e5 Bc7 19. Bxg6 Nxg6 20. Qb3 Qe7 21. Ne4 Bb6 22. Nd6 Rf8 23. Nc4 Bc7 24. Bg3 b5 25. Nd2 Bb6 26. Kh1 h5 27. h3 {1-0 Mirzoeva,E (2282)-Varney,Z (2067) Menchik Mem Challengers 2024 (3.1)}) 13. f3 Be6 14. h3 Nh5 $146 ({RR} 14... Rc8 15. e4 dxe4 16. fxe4 Nh5 17. Bxe7 Qxe7 18. e5 Qh4 19. Ne4 Red8 20. Nd6 Rxd6 21. exd6 Rd8 22. Bc4 Rxd6 23. Bxe6 Nxe6 24. Qf5 Nf6 25. g3 Qe4 26. Qxe4 Nxe4 27. Kg2 Nf6 28. Rd3 Nd5 29. a3 {1-0 Tsvetkov,A (2395)-Dudzinski,P (2201) Titled Tuesday intern op 06th Oct blitz 2020 (1)}) ({RR} 14... Qc8 15. Qd2 Ng6 16. Bg3 Nh5 17. Bxg6 fxg6 18. Bh2 g5 19. Nc1 b6 20. Nd3 Qb7 21. Ne2 c5 22. f4 gxf4 23. Nexf4 Nxf4 24. Bxf4 Rac8 25. Be5 Bg5 26. Bf4 Bf6 27. Be5 Bg5 28. Bf4 Bf6 {½-½ Kantorik,M (2204)-Stevik,P (2148) Tatranska Lomnica Tatry op 2021 (8)}) 15. Bxe7 Qxe7 16. e4 dxe4 17. fxe4 Rad8 18. e5 g6 19. Ne4 Bd5 20. Nd6 Rxd6 21. exd6 Qxd6 22. Nc3 Be6 23. Qf2 Rd8 24. Bc2 Ng3 25. Rfe1 h5 26. a3 Bf5 27. Bxf5 Nxf5 28. d5 cxd5 29. Rxd5 Qb8 30. Rxd8 Qxd8 31. Qxa7 Ne6 32. Qf2 Qg5 33. Ne4 Qd8 34. Nc5 Ng5 35. Ne4 Ne6 36. Rf1 Qd3 37. Nf6+ Kf8 38. Nxh5 Ned4 39. Nf4 Qb5 40. g4 Ng3 41. Qxg3 g5 42. Qe3 1-0

[Event "45th Olympiad 2024"]
[Site "Budapest HUN"]
[Date "2024.09.12"]
[Round "2.73"]
[Board "3"]
[White "Lim Teck Guan, Rodney"]
[Black "Thomas, Larry"]
[Result "1-0"]
[WhiteElo "1931"]
[BlackElo "1686"]
[PlyCount "67"]
[EventDate "2024.09.11"]
[WhiteTeam "Brunei Darussalam"]
[BlackTeam "Dominica"]

1. d4 d5 2. c4 Nf6 3. cxd5 Nxd5 4. e4 Nb6 5. Nf3 e6 6. Be2 Be7 7. O-O O-O 8. Nc3 c6 9. a4 $146 ({RR} 9. Qc2 N8d7 10. Bf4 Re8 11. Rab1 Nf8 12. b4 Ng6 13. Bg3 Bf8 14. a4 Nd7 15. Rfd1 Qe7 16. Ne1 Rd8 17. Nd3 Nf6 18. Nc5 b6 19. Na6 Bxa6 20. Bxa6 e5 21. d5 cxd5 22. Nxd5 Nxd5 23. exd5 Nf4 {1-0 Oney,F (2020)-Da Luz,M Olympiad Women-29 1990 (14)}) ({RR} 9. Bf4 N8d7 10. Rc1 Nf6 11. a3 h6 12. Qb3 Nbd7 13. Rfd1 Qb6 14. Qxb6 Nxb6 15. Ne5 Bd6 16. Nd3 Bxf4 17. Nxf4 e5 18. dxe5 Ng4 19. e6 Ne5 20. exf7+ Rxf7 21. Rd8+ Rf8 22. Rcd1 Bd7 23. Rxa8 Nxa8 {½-½ Bekker,G (1807)-Lamata,T New Caledonia-ch 2011 (7)}) 9... a5 10. Be3 N6d7 11. Qd2 b6 12. Rfd1 Ba6 13. d5 Bxe2 14. Nxe2 exd5 15. exd5 Nc5 16. d6 Bf6 17. Bxc5 bxc5 18. Nc3 Nd7 19. Ne4 Re8 20. Nxf6+ Qxf6 21. Re1 Kf8 22. h3 h6 23. Rac1 Re6 24. Rxe6 Qxe6 25. Rc3 Qd5 26. Rd3 Qe6 27. Qc3 Kg8 28. b3 Kf8 29. Kf1 Qe4 30. Nd2 Qb4 31. Nc4 f6 32. Re3 Re8 33. Rxe8+ Kxe8 34. Qe3+ 1-0

[Event "45th Olympiad 2024"]
[Site "Budapest HUN"]
[Date "2024.09.12"]
[Round "2.73"]
[Board "4"]
[White "Francis, Nigel"]
[Black "Akmal, Ahmad"]
[Result "1-0"]
[WhiteElo "1775"]
[BlackElo "1830"]
[PlyCount "65"]
[EventDate "2024.09.11"]
[WhiteTeam "Dominica"]
[BlackTeam "Brunei Darussalam"]

1. e4 c5 2. Nf3 e6 3. d4 cxd4 4. Nxd4 Nc6 5. Be3 Qc7 6. Nc3 a6 7. a3 Nf6 8. Be2 Be7 9. O-O O-O 10. f4 d6 11. Nb3 b5 ({RR} 11... Re8 12. Bf3 Bf8 13. Qd2 Rb8 14. Rad1 Nd7 15. Qf2 b6 16. h4 Na5 17. Nd2 b5 18. h5 h6 19. Be2 b4 20. axb4 Rxb4 21. Rb1 Nf6 22. Bf3 Nc6 23. Ne2 a5 24. c3 Rb8 25. g4 Nd7 26. g5 {0-1 Jobava,B (2603)-Chigaev,M (2631) Titled Tuesday intern op 23rd Mar blitz 2021 (9)}) 12. Qd2 ({RR} 12. Qe1 Bb7 13. Qf2 Rac8 14. h3 Nd7 15. Rad1 Bf6 16. Nd4 Nc5 17. e5 dxe5 18. Ndxb5 axb5 19. Bxc5 exf4 20. Nxb5 Qe5 21. Bd6 Qxb2 22. Bxf8 Rxf8 23. Qxf4 Qxc2 24. Bd3 Qc5+ 25. Kh1 Ne5 26. Be2 Ng6 {½-½ Goltsev,D (2173)-Drozdowski,K (2448) Titled Tue 14th May Late 2024 (3)}) 12... Bb7 13. Bf3 Rac8 $146 ({RR} 13... Rfd8 14. Qf2 Nd7 15. Rfd1 Rac8 16. Rd3 Na5 17. Nxa5 Qxa5 18. Rad1 b4 19. Na2 bxa3 20. Rxa3 Qc7 21. Rc3 Qb8 22. Rxc8 Rxc8 23. Bd4 e5 24. fxe5 Nxe5 25. Bxe5 dxe5 26. Kh1 Rd8 27. Qe2 Rxd1+ 28. Qxd1 {½-½ Georgiev,N (1585)-Ruschukov,B (1828) Sofia MGU op 183rd 2017 (1)}) 14. Rac1 Nd7 15. Rfd1 Nb6 16. Be2 Nc4 17. Bxc4 bxc4 18. Nd4 Qa5 19. Nxc6 Bxc6 20. Nd5 Qd8 21. Nxe7+ Qxe7 22. Qxd6 Qh4 23. Qe5 Rfe8 24. Rd4 f6 25. Qa5 e5 26. Rxc4 exf4 27. Bf2 Qg4 28. h3 Qe2 29. Qc3 Bb7 30. Rxc8 Rxc8 31. Qb3+ Rc4 32. Qxb7 Rxc2 33. Qb3+ 1-0

[Event "45th Olympiad 2024"]
[Site "Budapest HUN"]
[Date "2024.09.12"]
[Round "2.74"]
[Board "2"]
[White "Mwale, Joseph"]
[Black "Dlamini Simphiwe"]
[Result "1-0"]
[WhiteElo "2063"]
[BlackElo "1747"]
[PlyCount "41"]
[EventDate "2024.09.11"]
[WhiteTeam "Malawi"]
[BlackTeam "Eswatini"]
[WhiteTeamCountry "MWI"]

1. e4 e5 2. Nf3 Nc6 3. Bc4 Nf6 4. d4 Nxe4 5. dxe5 Nc5 6. O-O Be7 7. Nc3 O-O 8. Nd5 h6 ({RR} 8... b6 9. Re1 Bb7 10. Nxe7+ Nxe7 11. Bg5 Ne6 12. Bh4 Qe8 13. Bd3 h6 14. c3 a5 15. Bc2 a4 16. Qd3 Ng6 17. Bg3 Nc5 18. Qe2 Qe6 19. Nd4 Qd5 20. f4 Rae8 21. Qf2 Ne7 22. b3 axb3 23. axb3 {1-0 Kosteniuk,A (2521)-Madaminov,M (2442) Titled Tue 1st Nov Early 2022 (9)}) 9. Be3 Ne6 10. Qd2 $146 ({RR} 10. Nxe7+ Qxe7 11. c3 Rd8 12. Qc2 d6 13. exd6 Rxd6 14. Rfe1 Qf8 15. Rad1 Bd7 16. Bxe6 Bxe6 17. Bc5 Rxd1 18. Bxf8 Rxe1+ 19. Nxe1 Rxf8 20. b3 Rd8 21. h3 Ne7 22. Nf3 b6 23. Nd4 Bc8 24. Qe2 Kf8 {1-0 Bivol,A (2374)-Semenova,E (2246) Speed Chess (Women) Q7 blitz 2021 (2)}) 10... d6 11. exd6 Bxd6 12. Bxh6 Ne5 13. Nxe5 Bxe5 14. f4 Bd4+ 15. Kh1 Qh4 16. Bg5 Nxg5 17. fxg5 Be5 18. Ne7+ Kh8 19. Ng6+ fxg6 20. Rxf8+ Kh7 21. Rh8+ 1-0